A Virada do século /
Salvato in:
| Autori principali: | , |
|---|---|
| Natura: | Sconosciuto |
| Lingua: | Portuguese |
| Pubblicazione: |
Rio de Janeiro, Brasil :
Editora Paz e Terra,
1987.
|
| Soggetti: | |
| Tags: |
Aggiungi Tag
Nessun Tag, puoi essere il primo ad aggiungerne!!
|
MARC
| LEADER | 000000000a22000000004500 | ||
|---|---|---|---|
| 001 | 014906 | ||
| 041 | 0 | |a por | |
| 082 | 0 | 4 | |a 981.063 |b W815v |
| 100 | 1 | |a Wisnick, José Miguel | |
| 100 | 1 | |a Carboncini, Anna | |
| 245 | 1 | 2 | |a A Virada do século / |c José Miguel Wisnick, Anna Carboncini. |
| 260 | 1 | |a Rio de Janeiro, Brasil : |b Editora Paz e Terra, |c 1987. | |
| 300 | |a 142 páginas : |b ilustraciones ; |c 21 cm. | ||
| 650 | 4 | |a PRNOSTICOS DEL SIGLO XXI | |
| 650 | 4 | |a LA GOEGRAFIA HUMANA | |
| 650 | 4 | |a BRASIL | |
| 650 | 4 | |a TECNOLOGIA | |
| 650 | 4 | |a ASPECTOS SOCIALES | |
| 650 | 4 | |a CIVILIZACION | |
| 650 | 4 | |a SIGLO XX | |
| 650 | 4 | |a PREDICCION | |
| 650 | 4 | |a LA GEOGRAFIA HUMANA | |
| 650 | 4 | |a BRASIL | |
| 500 | |a Colección George Yúdice | ||
| 999 | |c 20770 |d 20770 | ||
| 942 | |c BK |h 981.063 W815v |2 z | ||
